<?xml version="1.0" encoding="UTF-8"?>
<record
    xmlns:xsi="http://www.w3.org/2001/XMLSchema-instance"
    xsi:schemaLocation="http://www.loc.gov/MARC21/slim http://www.loc.gov/standards/marcxml/schema/MARC21slim.xsd"
    xmlns="http://www.loc.gov/MARC21/slim">

  <leader>02134nam a2200325 a 4500</leader>
  <controlfield tag="001">000002720</controlfield>
  <controlfield tag="003">OSt</controlfield>
  <controlfield tag="005">20240229073953.0</controlfield>
  <controlfield tag="007">ta</controlfield>
  <controlfield tag="008">090703e1973    dr     er     001 0dspa d</controlfield>
  <datafield tag="040" ind1=" " ind2=" ">
    <subfield code="a">DO-SdBNP</subfield>
    <subfield code="b">spa</subfield>
    <subfield code="c">BNPHU</subfield>
  </datafield>
  <datafield tag="082" ind1=" " ind2=" ">
    <subfield code="a">BNPHU -338.097293</subfield>
    <subfield code="b">V422e</subfield>
  </datafield>
  <datafield tag="100" ind1="1" ind2=" ">
    <subfield code="a">Vega, Bernardo,</subfield>
    <subfield code="d">1938 -</subfield>
    <subfield code="9">3222</subfield>
  </datafield>
  <datafield tag="245" ind1="1" ind2="0">
    <subfield code="a">Evaluaci&#xF3;n de la pol&#xED;tica de industrializaci&#xF3;n de la Rep&#xFA;blica Dominicana /</subfield>
    <subfield code="c">Bernardo Vega.</subfield>
  </datafield>
  <datafield tag="260" ind1=" " ind2=" ">
    <subfield code="a">Santo Domingo :</subfield>
    <subfield code="b">[s.n.]</subfield>
    <subfield code="c">1973.</subfield>
  </datafield>
  <datafield tag="300" ind1=" " ind2=" ">
    <subfield code="a">221 p ;</subfield>
    <subfield code="c">22 cm.</subfield>
  </datafield>
  <datafield tag="504" ind1=" " ind2=" ">
    <subfield code="a">Bibliograf&#xED;a : p. 101-112 </subfield>
  </datafield>
  <datafield tag="505" ind1="1" ind2=" ">
    <subfield code="a">Antecedentes, resumen y conclusiones.</subfield>
  </datafield>
  <datafield tag="505" ind1="1" ind2=" ">
    <subfield code="a">Cap&#xED;tulo I - introducci&#xF3;n.</subfield>
  </datafield>
  <datafield tag="505" ind1="1" ind2=" ">
    <subfield code="a">Cap&#xED;tulo II - 1- La ley No. 299 sobre incentivos y protecci&#xF3;n industrial. 2- la ley no. 295 sobre devoluci&#xF3;n de impuestos cuando se realizan exportaciones. 3- las leyes sobre zonas francas.</subfield>
  </datafield>
  <datafield tag="505" ind1="1" ind2=" ">
    <subfield code="a">Cap&#xED;tulo III : IV- La pol&#xED;tica de integraci&#xF3;n econ&#xF3;mica y de comercio exterior.
                     V- la pol&#xED;tica de tasa de cambio del pa&#xED;s.
                     VI- el arancel de importaci&#xF3;n y exportaci&#xF3;n.
                     VII- controles comisarios.
                     VIII- la pol&#xED;tica Nacional sobre el papel de la inversi&#xF3;n extranjera es el pa&#xED;s.
                     IX- el papel d la inversi&#xF3;n p&#xFA;blica en el proceso nacional de industrializaci&#xF3;n.
                     X- la pol&#xED;tica normativa y de cr&#xE9;ditos industriales del pa&#xED;s.
                     XI- la orientaci&#xF3;n de la inversi&#xF3;n p&#xFA;blica por sectores y prioridades.
                     XII- zonas industriales, zonificaci&#xF3;n y contaminaci&#xF3;n ambiental.
</subfield>
  </datafield>
  <datafield tag="505" ind1="1" ind2=" ">
    <subfield code="a">Cuadros : 1- criterios socio-econ&#xF3;micos utilizados en varios mecanismos de evaluaci&#xF3;n.
2- empresas que han obtenido clasificaci&#xF3;n "a".
3- empresas que han obtenido clasificaci&#xF3;n "c".</subfield>
  </datafield>
  <datafield tag="505" ind1="1" ind2=" ">
    <subfield code="a">Cuadros.
anexos.</subfield>
  </datafield>
  <datafield tag="590" ind1=" " ind2=" ">
    <subfield code="a">Inventariado, 2018/LP</subfield>
  </datafield>
  <datafield tag="650" ind1=" " ind2="4">
    <subfield code="a">Pol&#xED;tica de industrializaci&#xF3;n</subfield>
    <subfield code="9">8579</subfield>
  </datafield>
  <datafield tag="651" ind1=" " ind2="4">
    <subfield code="a">Rep&#xFA;blica Dominicana</subfield>
    <subfield code="x">Industria</subfield>
    <subfield code="9">8578</subfield>
  </datafield>
  <datafield tag="710" ind1="0" ind2=" ">
    <subfield code="a">Consejo Estatal del Az&#xFA;car (CEA)</subfield>
    <subfield code="9">8580</subfield>
  </datafield>
  <datafield tag="910" ind1=" " ind2=" ">
    <subfield code="a">Validado. Control de calidad MMOLINA</subfield>
  </datafield>
  <datafield tag="942" ind1=" " ind2=" ">
    <subfield code="2">ddc</subfield>
    <subfield code="c">LFM</subfield>
  </datafield>
  <datafield tag="952" ind1=" " ind2=" ">
    <subfield code="0">0</subfield>
    <subfield code="1">0</subfield>
    <subfield code="7">1</subfield>
    <subfield code="8">PD</subfield>
    <subfield code="a">PD</subfield>
    <subfield code="b">PD</subfield>
    <subfield code="c">HD</subfield>
    <subfield code="d">2009-07-03</subfield>
    <subfield code="e">026468</subfield>
    <subfield code="i">LF1</subfield>
    <subfield code="l">0</subfield>
    <subfield code="o">338.097293 V422e</subfield>
    <subfield code="p">2720-10</subfield>
    <subfield code="r">2020-06-25</subfield>
    <subfield code="w">2020-06-25</subfield>
    <subfield code="y">LFPD</subfield>
    <subfield code="Z">No se presta</subfield>
  </datafield>
  <datafield tag="952" ind1=" " ind2=" ">
    <subfield code="0">0</subfield>
    <subfield code="1">0</subfield>
    <subfield code="2">ddc</subfield>
    <subfield code="5">3</subfield>
    <subfield code="7">2</subfield>
    <subfield code="8">AM</subfield>
    <subfield code="a">BNPHU</subfield>
    <subfield code="b">PD</subfield>
    <subfield code="c">HD</subfield>
    <subfield code="d">2020-01-07</subfield>
    <subfield code="e">Donado por Luis Tom&#xE1;s Oviedo</subfield>
    <subfield code="l">0</subfield>
    <subfield code="o">BNPHU -338.097293 V422e</subfield>
    <subfield code="p">2021-0120</subfield>
    <subfield code="r">2021-01-26</subfield>
    <subfield code="t">e.2</subfield>
    <subfield code="w">2021-01-26</subfield>
    <subfield code="y">LFM</subfield>
  </datafield>
  <datafield tag="999" ind1=" " ind2=" ">
    <subfield code="c">2555</subfield>
    <subfield code="d">2555</subfield>
  </datafield>
</record>
